[Event "Titled Tuesday intern op 02nd Jul Early"]
[Site "Chess.com INT"]
[Date "2024.07.02"]
[Round "9"]
[White "Barbot, Pierre"]
[Black "Asish, Panda"]
[Result "0-1"]
[WhiteElo "2440"]
[BlackElo "1911"]
[PlyCount "64"]
[EventDate "2024.07.02"]
[EventType "swiss (blitz)"]
[EventRounds "11"]
[EventCountry "USA"]
[SourceTitle "EXT 2025"]
[Source "ChessBase"]
[SourceDate "2024.10.14"]
[SourceVersion "1"]
[SourceVersionDate "2024.10.14"]
[SourceQuality "1"]

1. d4 d5 2. c4 e6 3. Nf3 Nf6 4. g3 Be7 5. Bg2 0-0 6. 0-0 Ne4 7. Qc2 c6 8. b3 f5 9. Bb2 Nd7 10. Nfd2 Ndf6 11. f3 Nxd2 12. Nxd2 b6 13. e4 Bb4 14. cxd5 cxd5 15. e5 Nd7 16. a3 Be7 17. Qc6 Rb8 18. Qxe6+ Kh8 19. Qxd5 Bb7 20. Qe6 Nc5 21. Qc4 Ba6 22. Qc2 Bxf1 23. Bxf1 Ne6 24. Qd3 f4 25. d5 Nc5 26. Qd4 fxg3 27. hxg3 Qe8 28. d6 Bg5 29. Rd1 Qg6 30. Kh2 Bxd2 31. Rxd2 Nxb3 32. Qc3 Qh6+ 0-1